000
00308nam a2200121 a 4500
005
20140414132053.0
008
110715s19uu xx 00 eng d
050
_a
ER
_b
Ar788 1996
100
_a
Brown, Marc
245
_a
Arthur's reading race.
260
_a
New York :
_b
Random House,
_c
1996.
999
_c
114233
_d
114233